000 00810nam a2200253 a 4500
001 BRCA_7957
005 20190320210053.0
008 100314s1970----enka###f##---#000-0#eng-#
041 _aeng
044 _aenk
050 4 _aNK2135
_b.H66
_c1970
100 1 _aHope, Thomas
_919714
245 1 0 _aHousehold furniture and interior decoration
_cexecuted from designs by Thomas Hope.
260 _aLondres
_bAlec Tiranti
_c1970
300 _a53 p.
_bil., 60 láminas
_c28 cm.
500 _a3117
500 _aA complete reprint of the 1807 edition with preface by Clifford Musgrave
650 1 4 _aMuebles
_vDecoración de interiores
_919715
650 1 4 _aMuebles
_vOrnamentación
_919716
650 1 4 _aDiseño de interiores
_919717
650 1 4 _aArtes decorativas
_vHogar
_919718
902 _aGFM
942 _2lcc
_cB
999 _c7626
_d7626